Physicians' responses to marketing strategies of pharmaceutical companies in Malaysia /
Saved in:
| Main Author: | |
|---|---|
| Format: | Thesis Book |
| Language: | English |
| Published: |
2004.
|
| Subjects: | |
| Online Access: | http://studentsrepo.um.edu.my/id/eprint/1468 |
| Tags: |
Add Tag
No Tags, Be the first to tag this record!
|
| LEADER | 01145cam a2200265 a 4500 | ||
|---|---|---|---|
| 001 | u706997 | ||
| 003 | SIRSI | ||
| 008 | 050604s2004 my t 00 eng m | ||
| 040 | |a UMK |d UMM | ||
| 043 | |a a-my--- | ||
| 090 | |a HF1008 |b UM 2004 Lam | ||
| 098 | |a HF1008 |b UM 2004 Lam | ||
| 100 | 1 | 0 | |a Lam, Chee Peng. |
| 245 | 1 | 0 | |a Physicians' responses to marketing strategies of pharmaceutical companies in Malaysia / |c Lam Chee Peng. |
| 260 | |c 2004. | ||
| 300 | |a 42 leaves : |b ill. ; |c 30 cm. | ||
| 502 | |a Dissertation (M.B.A.) -- Fakulti Perniagaan dan Perakaunan, Universiti Malaya, 2004. | ||
| 504 | |a Bibliography:leaves 38-41. | ||
| 650 | 0 | 0 | |a Pharmaceutical industry |z Malaysia |x Marketing. |
| 650 | 0 | 0 | |a Physicians |z Malaysia |x Attitudes. |
| 710 | 2 | 0 | |a Universiti Malaya. |b Fakulti Perniagaan dan Perakaunan. |
| 856 | 4 | 1 | |u http://studentsrepo.um.edu.my/id/eprint/1468 |
| 596 | |a 1 19 | ||
| 999 | |a HF1008 UM 2004 LAM |w LC |c 1 |i A511897497 |d 1/6/2008 |e 1/6/2008 |f 22/11/2005 |g 1 |l STACKS |m P01UTAMA |n 2 |r Y |s Y |t TESIS |u 21/11/2005 | ||
| 999 | |a HF1008 UM 2004 LAM |w LC |c 1 |i A511854461 |d 22/9/2008 |e 20/8/2008 |f 14/9/2005 |g 1 |k LOST-ASSUM |l STACKS |m P19KOTA |n 4 |r M |s Y |t TESIS |u 14/9/2005 | ||
